Catálogo
 En Linea

La sangre : (Registro nro. 45924)

Detalles MARC
000 -CABECERA
campo de control de longitud fija 00866nam a2200253 a 4500
001 - NÚMERO DE CONTROL
campo de control 000046435
003 - IDENTIFICADOR DEL NÚMERO DE CONTROL
campo de control OSt
005 - FECHA Y HORA DE LA ÚLTIMA TRANSACCIÓN
campo de control 20240412074305.0
008 - DATOS DE LONGITUD FIJA--INFORMACIÓN GENERAL
campo de control de longitud fija 150813s1980 dr 000 0 spa d
040 ## - FUENTE DE LA CATALOGACIÓN
Centro catalogador/agencia de origen DO-SdBNP
Lengua de catalogación spa
Centro/agencia transcriptor DO-SdBNP
082 ## - NÚMERO DE LA CLASIFICACIÓN DECIMAL DEWEY
Número de clasificación RD863.4
Número de documento/Ítem C422s,1980
100 1# - ENTRADA PRINCIPAL--NOMBRE DE PERSONA
Nombre de persona Cestero, Tulio M.,
Forma completa/desarrollada del nombre (Tulio Manuel),
Fechas asociadas al nombre 1877-1955
9 (RLIN) 1698
245 13 - MENCIÓN DE TÍTULO
Título La sangre :
Resto del título una vida bajo la tiranía /
Mención de responsabilidad, etc. Tulio Manuel Cestero ; introducción (juicios compilados por Vetilio Alfau Durán).
250 ## - MENCIÓN DE EDICIÓN
Mención de edición 4a ed.
260 ## - PUBLICACIÓN, DISTRIBUCIÓN, ETC.
Lugar de publicación, distribución, etc. Santo Domingo :
Nombre del editor, distribuidor, etc. Cosmos,
Fecha de publicación, distribución, etc. 1980.
300 ## - DESCRIPCIÓN FÍSICA
Extensión xvi, 214 p. ;
Dimensiones 18 cm.
590 ## - NOTA LOCAL (RLIN)
Nota local Inventariado, 2019/BT
650 #0 - PUNTO DE ACCESO ADICIONAL DE MATERIA--TÉRMINO DE MATERIA
Término de materia o nombre geográfico como elemento de entrada Novela histórica dominicana.
9 (RLIN) 860
650 #0 - PUNTO DE ACCESO ADICIONAL DE MATERIA--TÉRMINO DE MATERIA
Término de materia o nombre geográfico como elemento de entrada Literatura dominicana.
9 (RLIN) 67
700 12 - PUNTO DE ACCESO ADICIONAL--NOMBRE DE PERSONA
Nombre de persona Alfau Durán, Vetilio,
Fechas asociadas al nombre 1909-1985
Término indicativo de función/relación comp.
9 (RLIN) 10091
910 ## - DATOS DE OPCIÓN DEL USUARIO (OCLC)
Datos de opción del usuario Validado. Control de calidad. MFF
942 ## - ELEMENTOS DE PUNTO DE ACCESO ADICIONAL (KOHA)
Fuente del sistema de clasificación o colocación Dewey Decimal Classification
Tipo de ítem Koha Libro
956 ## - LOCALIZACIÓN Y ACCESO ELECTRÓNICOS LOCAL (OCLC)
Nombre del host VMateo
Existencias
Estado de retiro Estado de pérdida Fuente del sistema de clasificación o colocación No para préstamo Código de colección Localización permanente Ubicación/localización actual Ubicación en estantería Fecha de adquisición Número de inventario Total de préstamos Signatura topográfica completa Código de barras Fecha visto por última vez Precio válido a partir de Tipo de ítem Koha Nota pública
    Dewey Decimal Classification Excluido de préstamo Patrimonio Dominicano Biblioteca Nacional Pedro Henríquez Ureña Patrimonio Dominicano Depósito 13.08.2015   BNPHU PD RD863.4 C422s,1980 46435-10 25.06.2020 25.06.2020 Libro y Folleto Colección Patrimonio Dominicano Perteneció a la biblioteca personal de Chiqui Vicioso / Fidelio Despradel.

Con tecnología Koha